Teoría de la elasticidad

Saved in:
Bibliografiske detaljer
Main Authors: Landau, Lev Davidovich (Author), Lifshitz, Mikhail Aleksandrovich (Author)
Format: Bog
Sprog:spansk
Udgivet: Barcelona Reverté 1969
Serier:Curso de Física Teórica, 7
Fag:
Tags: Tilføj Tag
Ingen Tags, Vær først til at tagge denne postø!

MARC

LEADER 00000nam a2200000 a 4500
001 UCX2852
003 CL-VaPUC
008 910826e19690000SP |||||||||||||||||spa|d
082 0 4 |a 531.38  |b LAN  |2 21 
100 |a Landau, Lev Davidovich  |e author  |9 579218 
700 0 |a Lifshitz, Mikhail Aleksandrovich  |e author  |9 490653 
245 1 0 |a Teoría de la elasticidad 
300 |a 226 p 
942 |c BK 
945 |d 19910826 00:00:00 
260 |a Barcelona  |b Reverté  |c 1969 
650 7 |a ELASTICIDAD  |2 CL-VaPUC  |9 266503 
583 |a last modification  |c 19910826 00:00:00  |k Rodrigo Vera 
490 0 |a Curso de Física Teórica, 7 
999 |c 312160  |d 312158 
952 |0 0  |1 0  |4 0  |6 531_380000000000000_LAN_1969  |7 0  |8 A  |9 382058  |a BIBCUR  |b BIBCUR  |d 2019-11-21  |i 4535618  |l 5  |o 531.38 LAN 1969  |p 4535618  |r 2025-04-22  |s 2023-10-10  |w 2019-11-21  |y BK  |k FIS